00918nam a2200181Ia 450000500170000000800410001702000150005808200150007310000220008824500450011025000090015526000390016430000160020350003990021994200060061895200970062499900150072120240425003139.0240331s9999 xx 000 0 und d a0850364345 bROWa331.4 aRowbotham, Sheila 0aHomeworkers worldwidecSheila, Rowbotham a1 st aLondon :bMerlin press ltd /c1993 aiv, 92 p ., aWomen homeworkers have been forced by necessity to find new forms of association, these range from personal local networks to international links which are beginning to put pressure in triadic unions and international organizations. they are turning around the power of endurance and creating new kinds of labor organization: theses have vital lessons for workers threatened with casualization. cL 001040708LaWERCLbWERCLcSSCd2024-03-31l0o 331.4 ROWp3125r2024-03-31w2024-03-31yL c2655d2655